[Event "DVM U20 2016"]
[Site "Borken-Gemen GER"]
[Date "2016.12.30"]
[Round "7"]
[White "Kantor, Nikita"]
[Black "Spiegelberg, Silvia"]
[Result "0-1"]
[Termination "normal"]
[Board "1.6"]
[WhiteElo "1916"]
[BlackElo "1874"]
[WhiteClock "01:30:14"]
[BlackClock "00:01:41"]
[WhiteTeam "SF Brackel"]
[BlackTeam "SF Sasbach"]
[PlyCount "116"]
[WhiteFideId "12990922"]
[BlackFideId "24654450"]
[EventCountry "GER"]
[EventRounds "7"]
[EventType "team-swiss"]
[EventDate "2016.12.26"]

1. e4 {[%clk 1:30:58]} e5 {[%clk 1:30:48]} 2. Nf3 {[%clk 1:31:25]} Nc6 {[%clk
1:31:10]} 3. Bb5 {[%clk 1:31:51]} a6 {[%clk 1:31:32]} 4. Ba4 {[%clk 1:32:18]}
Nf6 {[%clk 1:31:43]} 5. O-O {[%clk 1:32:44]} Be7 {[%clk 1:31:56]} 6. Re1 {[%clk
1:33:11]} b5 {[%clk 1:32:16]} 7. Bb3 {[%clk 1:33:35]} d6 {[%clk 1:32:37]} 8. c3
{[%clk 1:34:01]} Na5 {[%clk 1:32:23]} 9. Bc2 {[%clk 1:34:19]} c5 {[%clk
1:32:48]} 10. h3 {[%clk 1:34:32]} O-O {[%clk 1:32:27]} 11. d4 {[%clk 1:35:00]}
Qc7 {[%clk 1:32:13]} 12. Nbd2 {[%clk 1:34:55]} Nc6 {[%clk 1:32:26]} 13. d5
{[%clk 1:32:46]} Na5 {[%clk 1:29:17]} 14. Nf1 {[%clk 1:32:46]} c4 {[%clk
1:27:43]} 15. Ng3 {[%clk 1:32:44]} Nb7 {[%clk 1:27:15]} 16. Bg5 {[%clk
1:31:56]} Nc5 {[%clk 1:23:49]} 17. Nh4 {[%clk 1:30:38]} h6 {[%clk 1:19:01]} 18.
Bd2 {[%clk 1:22:16]} Re8 {[%clk 0:47:00]} 19. Qf3 {[%clk 1:18:51]} Nh7 {[%clk
0:38:49]} 20. Nhf5 {[%clk 1:15:40]} Bg5 {[%clk 0:24:44]} 21. Bxg5 {[%clk
1:13:45]} Nxg5 {[%clk 0:21:13]} 22. Qh5 {[%clk 1:14:07]} Qd8 {[%clk 0:19:55]}
23. Nxh6+ {[%clk 1:10:30]} gxh6 {[%clk 0:16:14]} 24. Qxh6 {[%clk 1:10:53]} Nh7
{[%clk 0:12:49]} 25. Nh5 {[%clk 1:10:46]} Qg5 {[%clk 0:12:52]} 26. Qxg5+ {[%clk
1:11:12]} Nxg5 {[%clk 0:13:06]} 27. Nf6+ {[%clk 1:11:40]} Kf8 {[%clk 0:13:18]}
28. h4 {[%clk 1:12:04]} Rd8 {[%clk 0:08:02]} 29. hxg5 {[%clk 1:12:24]} Kg7
{[%clk 0:07:27]} 30. Re3 {[%clk 1:12:46]} Rh8 {[%clk 0:06:55]} 31. b3 {[%clk
1:10:10]} cxb3 {[%clk 0:05:51]} 32. axb3 {[%clk 1:10:25]} Nd7 {[%clk 0:05:34]}
33. c4 {[%clk 1:09:22]} bxc4 {[%clk 0:05:17]} 34. bxc4 {[%clk 1:09:46]} Nxf6
{[%clk 0:05:35]} 35. gxf6+ {[%clk 1:10:12]} Kxf6 {[%clk 0:05:53]} 36. Ba4
{[%clk 1:09:22]} Ke7 {[%clk 0:01:12]} 37. Rb1 {[%clk 1:09:17]} Ra7 {[%clk
0:00:44]} 38. Rc3 {[%clk 1:08:57]} Rc7 {[%clk 0:00:48]} 39. Rb6 {[%clk
1:08:57]} Rh7 {[%clk 0:00:38]} 40. Rc6 {[%clk 1:08:16]} Rb7 {[%clk 0:00:37]}
41. Rc1 {[%clk 1:06:54]} Rb8 {[%clk 0:25:34]} 42. c5 {[%clk 1:36:30]} dxc5
{[%clk 0:17:56]} 43. R6xc5 {[%clk 1:34:45]} Kd8 {[%clk 0:15:45]} 44. Rc7 {[%clk
1:34:42]} Rg7 {[%clk 0:14:34]} 45. g3 {[%clk 1:33:29]} Bg4 {[%clk 0:12:25]} 46.
d6 {[%clk 1:32:39]} Rb4 {[%clk 0:10:22]} 47. d7 {[%clk 1:32:50]} Rxa4 {[%clk
0:08:46]} 48. Rc8+ {[%clk 1:33:14]} Kxd7 {[%clk 0:09:04]} 49. R1c7+ {[%clk
1:32:51]} Ke6 {[%clk 0:08:26]} 50. Re8+ {[%clk 1:32:38]} Kf6 {[%clk 0:08:09]}
51. Rc6+ {[%clk 1:31:44]} Be6 {[%clk 0:07:21]} 52. Kg2 {[%clk 1:32:08]} Rh7
{[%clk 0:05:10]} 53. Ra8 {[%clk 1:31:36]} Rxe4 {[%clk 0:04:10]} 54. Raxa6
{[%clk 1:31:54]} Kg5 {[%clk 0:03:08]} 55. Rc5 {[%clk 1:30:57]} Bh3+ {[%clk
0:01:27]} 56. Kf3 {[%clk 1:31:21]} Re1 {[%clk 0:01:24]} 57. g4 {[%clk 1:30:22]}
Bxg4+ {[%clk 0:01:35]} 58. Kg3 {[%clk 1:30:14]} Rg1# {[%clk 0:01:41]} 0-1

[Event "DVM U20 2016"]
[Site "Borken-Gemen GER"]
[Date "2016.12.30"]
[Round "7"]
[White "Grimm, Julius"]
[Black "Kololli, Kevin"]
[Result "1/2-1/2"]
[Termination "normal"]
[Board "2.1"]
[WhiteElo "2281"]
[BlackElo "2217"]
[WhiteClock "00:15:43"]
[BlackClock "00:57:49"]
[WhiteTeam "SF Darmstadt"]
[BlackTeam "Lübecker SV"]
[PlyCount "47"]
[WhiteFideId "12916986"]
[BlackFideId "12936863"]
[EventCountry "GER"]
[EventRounds "7"]
[EventType "team-swiss"]
[EventDate "2016.12.26"]

1. d4 {[%clk 1:30:56]} Nf6 {[%clk 1:30:49]} 2. c4 {[%clk 1:31:20]} c5 {[%clk
1:31:12]} 3. d5 {[%clk 1:30:21]} b5 {[%clk 1:31:35]} 4. cxb5 {[%clk 1:30:46]}
a6 {[%clk 1:31:58]} 5. bxa6 {[%clk 1:29:59]} Bxa6 {[%clk 1:32:19]} 6. Nc3
{[%clk 1:30:22]} d6 {[%clk 1:32:38]} 7. e4 {[%clk 1:30:32]} Bxf1 {[%clk
1:33:00]} 8. Kxf1 {[%clk 1:30:58]} g6 {[%clk 1:33:22]} 9. g3 {[%clk 1:31:21]}
Bg7 {[%clk 1:33:44]} 10. Kg2 {[%clk 1:31:42]} O-O {[%clk 1:34:05]} 11. Nf3
{[%clk 1:32:07]} Nbd7 {[%clk 1:34:27]} 12. a4 {[%clk 1:32:31]} Ra6 {[%clk
1:34:46]} 13. Qc2 {[%clk 1:31:28]} Qa8 {[%clk 1:34:59]} 14. Ra3 {[%clk
1:26:45]} Rb8 {[%clk 1:31:23]} 15. Re1 {[%clk 0:45:05]} Rb4 {[%clk 1:18:56]}
16. Bd2 {[%clk 0:37:21]} Ne8 {[%clk 1:18:33]} 17. a5 {[%clk 0:35:28]} Rxa5
{[%clk 1:14:42]} 18. Rea1 {[%clk 0:18:33]} Rxa3 {[%clk 1:14:30]} 19. Rxa3
{[%clk 0:18:48]} Qb7 {[%clk 1:13:13]} 20. Nd1 {[%clk 0:19:09]} Rb5 {[%clk
1:10:37]} 21. Bc3 {[%clk 0:19:23]} Bxc3 {[%clk 1:08:41]} 22. bxc3 {[%clk
0:18:56]} Nef6 {[%clk 1:08:18]} 23. Nd2 {[%clk 0:18:00]} Qc7 {[%clk 0:57:49]}
24. Nc4 {[%clk 0:15:43]} 1/2-1/2

[Event "DVM U20 2016"]
[Site "Borken-Gemen GER"]
[Date "2016.12.30"]
[Round "7"]
[White "Kololli, Martin"]
[Black "Nothnagel, Marian Can"]
[Result "1/2-1/2"]
[Termination "normal"]
[Board "2.2"]
[WhiteElo "2231"]
[BlackElo "2061"]
[WhiteClock "00:41:01"]
[BlackClock "00:03:30"]
[WhiteTeam "Lübecker SV"]
[BlackTeam "SF Darmstadt"]
[PlyCount "171"]
[WhiteFideId "12936910"]
[BlackFideId "12921530"]
[EventCountry "GER"]
[EventRounds "7"]
[EventType "team-swiss"]
[EventDate "2016.12.26"]

1. c3 {[%clk 1:30:50]} Nf6 {[%clk 1:30:16]} 2. f4 {[%clk 1:31:12]} g6 {[%clk
1:30:11]} 3. Nf3 {[%clk 1:31:36]} Bg7 {[%clk 1:30:37]} 4. g3 {[%clk 1:31:58]}
O-O {[%clk 1:31:03]} 5. Bg2 {[%clk 1:32:23]} d5 {[%clk 1:31:30]} 6. O-O {[%clk
1:32:41]} c6 {[%clk 1:31:19]} 7. Qe1 {[%clk 1:29:00]} Nbd7 {[%clk 1:25:42]} 8.
d3 {[%clk 1:27:09]} Re8 {[%clk 1:25:10]} 9. Nh4 {[%clk 1:20:02]} e5 {[%clk
1:21:23]} 10. f5 {[%clk 1:19:53]} e4 {[%clk 1:21:35]} 11. d4 {[%clk 1:20:01]}
e3 {[%clk 1:02:12]} 12. fxg6 {[%clk 1:18:39]} fxg6 {[%clk 1:02:09]} 13. Na3
{[%clk 1:19:00]} Bh6 {[%clk 1:00:15]} 14. Nc2 {[%clk 1:17:49]} Nb6 {[%clk
0:58:55]} 15. b3 {[%clk 1:16:51]} Qe7 {[%clk 0:43:56]} 16. Rf3 {[%clk 1:07:28]}
Bg4 {[%clk 0:44:09]} 17. Rf1 {[%clk 1:07:52]} Bd7 {[%clk 0:32:20]} 18. Rf3
{[%clk 1:07:28]} Bg4 {[%clk 0:32:07]} 19. Rf1 {[%clk 1:07:52]} Ne4 {[%clk
0:24:17]} 20. Bxe3 {[%clk 1:05:29]} Bxe3+ {[%clk 0:24:42]} 21. Nxe3 {[%clk
1:05:49]} Bxe2 {[%clk 0:24:34]} 22. Nef5 {[%clk 1:01:33]} Qg5 {[%clk 0:23:55]}
23. Qxe2 {[%clk 1:01:49]} Nxg3 {[%clk 0:23:38]} 24. Qg4 {[%clk 1:02:08]} Qxg4
{[%clk 0:21:20]} 25. Nh6+ {[%clk 1:02:33]} Kg7 {[%clk 0:21:47]} 26. Nxg4 {[%clk
1:02:54]} Nxf1 {[%clk 0:22:13]} 27. Rxf1 {[%clk 1:02:58]} Re2 {[%clk 0:22:26]}
28. Nf3 {[%clk 0:58:31]} Rae8 {[%clk 0:14:59]} 29. Rf2 {[%clk 0:55:52]} Nd7
{[%clk 0:13:26]} 30. Nfe5 {[%clk 0:52:15]} Re1+ {[%clk 0:11:14]} 31. Rf1 {[%clk
0:52:24]} Nxe5 {[%clk 0:10:10]} 32. Nxe5 {[%clk 0:52:36]} Rxf1+ {[%clk
0:10:34]} 33. Kxf1 {[%clk 0:52:46]} Kf6 {[%clk 0:10:40]} 34. Kf2 {[%clk
0:52:55]} h5 {[%clk 0:06:04]} 35. Nd7+ {[%clk 0:48:27]} Kf5 {[%clk 0:04:35]}
36. Nc5 {[%clk 0:48:46]} Re7 {[%clk 0:04:38]} 37. Bh3+ {[%clk 0:48:59]} Kf6
{[%clk 0:01:48]} 38. Bc8 {[%clk 0:44:35]} b6 {[%clk 0:02:12]} 39. Nd7+ {[%clk
0:44:49]} Kg5 {[%clk 0:19:19]} 40. Ne5 {[%clk 1:14:37]} c5 {[%clk 0:19:43]} 41.
Ba6 {[%clk 1:11:19]} Kf6 {[%clk 0:18:39]} 42. Bd3 {[%clk 1:09:52]} g5 {[%clk
0:18:34]} 43. Ke3 {[%clk 1:06:13]} cxd4+ {[%clk 0:17:23]} 44. cxd4 {[%clk
1:06:34]} Rc7 {[%clk 0:17:41]} 45. h3 {[%clk 1:04:05]} Rc1 {[%clk 0:17:21]} 46.
Be2 {[%clk 1:04:19]} Rh1 {[%clk 0:13:11]} 47. Bxh5 {[%clk 1:03:51]} Rxh3+
{[%clk 0:13:37]} 48. Bf3 {[%clk 1:04:17]} Ke6 {[%clk 0:13:24]} 49. Ng4 {[%clk
1:01:39]} Kf5 {[%clk 0:11:03]} 50. Nf2 {[%clk 1:00:20]} Rg3 {[%clk 0:11:14]}
51. Ke2 {[%clk 1:00:14]} Ke6 {[%clk 0:11:40]} 52. Ng4 {[%clk 1:00:19]} Rh3
{[%clk 0:09:47]} 53. Ne3 {[%clk 1:00:28]} Rh2+ {[%clk 0:08:59]} 54. Bg2 {[%clk
1:00:52]} Kd6 {[%clk 0:08:28]} 55. Kd3 {[%clk 1:00:39]} g4 {[%clk 0:07:25]} 56.
a3 {[%clk 0:59:43]} b5 {[%clk 0:04:30]} 57. b4 {[%clk 0:59:16]} a6 {[%clk
0:01:23]} 58. Kc3 {[%clk 0:57:24]} g3 {[%clk 0:01:46]} 59. Kd3 {[%clk 0:57:19]}
Rh5 {[%clk 0:02:01]} 60. Ke2 {[%clk 0:57:42]} Ke6 {[%clk 0:01:32]} 61. Kf3
{[%clk 0:57:24]} Rh4 {[%clk 0:01:41]} 62. Nc2 {[%clk 0:57:01]} Re4 {[%clk
0:02:08]} 63. Bh3+ {[%clk 0:57:00]} Kf6 {[%clk 0:01:27]} 64. Bf1 {[%clk
0:56:51]} Re8 {[%clk 0:01:04]} 65. Ne3 {[%clk 0:55:57]} Kg5 {[%clk 0:00:45]}
66. Bd3 {[%clk 0:50:21]} Rxe3+ {[%clk 0:00:34]} 67. Kxe3 {[%clk 0:50:45]} g2
{[%clk 0:01:02]} 68. Kf2 {[%clk 0:51:10]} Kf4 {[%clk 0:01:30]} 69. Bc2 {[%clk
0:38:45]} g1=Q+ {[%clk 0:01:43]} 70. Kxg1 {[%clk 0:39:04]} Ke3 {[%clk 0:02:09]}
71. Bd1 {[%clk 0:39:27]} Kxd4 {[%clk 0:02:34]} 72. Kf2 {[%clk 0:39:55]} Kc3
{[%clk 0:02:56]} 73. Ke3 {[%clk 0:40:13]} Kb2 {[%clk 0:02:12]} 74. Kd4 {[%clk
0:40:23]} Kxa3 {[%clk 0:02:38]} 75. Kc5 {[%clk 0:40:32]} d4 {[%clk 0:03:01]}
76. Bg4 {[%clk 0:39:52]} d3 {[%clk 0:03:18]} 77. Bf3 {[%clk 0:39:02]} Kb3
{[%clk 0:02:46]} 78. Be4 {[%clk 0:39:13]} Kc3 {[%clk 0:02:18]} 79. Bf5 {[%clk
0:39:35]} d2 {[%clk 0:02:19]} 80. Bg4 {[%clk 0:40:00]} Kb3 {[%clk 0:02:00]} 81.
Bf3 {[%clk 0:40:21]} Kc3 {[%clk 0:02:05]} 82. Bd1 {[%clk 0:40:46]} Kd3 {[%clk
0:02:20]} 83. Kb6 {[%clk 0:40:46]} Kc4 {[%clk 0:02:42]} 84. Ka5 {[%clk
0:41:09]} Kc3 {[%clk 0:03:07]} 85. Be2 {[%clk 0:40:36]} Kb3 {[%clk 0:03:30]}
86. Bd1+ {[%clk 0:41:01]} 1/2-1/2

[Event "DVM U20 2016"]
[Site "Borken-Gemen GER"]
[Date "2016.12.30"]
[Round "7"]
[White "Tibke, Jonas"]
[Black "Poghosyan, Tigran"]
[Result "0-1"]
[Termination "normal"]
[Board "2.3"]
[WhiteElo "1866"]
[BlackElo "2063"]
[WhiteClock "00:05:31"]
[BlackClock "00:02:37"]
[WhiteTeam "SF Darmstadt"]
[BlackTeam "Lübecker SV"]
[PlyCount "76"]
[WhiteFideId "12928356"]
[BlackFideId "12909319"]
[EventCountry "GER"]
[EventRounds "7"]
[EventType "team-swiss"]
[EventDate "2016.12.26"]

1. e4 {[%clk 1:30:57]} c5 {[%clk 1:30:56]} 2. c3 {[%clk 1:31:24]} d5 {[%clk
1:31:23]} 3. exd5 {[%clk 1:31:48]} Qxd5 {[%clk 1:31:49]} 4. d4 {[%clk 1:32:08]}
Nc6 {[%clk 1:32:17]} 5. Nf3 {[%clk 1:32:31]} Bf5 {[%clk 1:32:43]} 6. Be2 {[%clk
1:29:49]} Nf6 {[%clk 1:28:30]} 7. O-O {[%clk 1:25:49]} O-O-O {[%clk 1:26:21]}
8. c4 {[%clk 1:18:03]} Qd6 {[%clk 1:14:35]} 9. d5 {[%clk 1:13:54]} Nb4 {[%clk
1:08:37]} 10. Na3 {[%clk 1:10:06]} e6 {[%clk 1:01:17]} 11. Qa4 {[%clk 1:06:46]}
a6 {[%clk 0:41:19]} 12. Ng5 {[%clk 0:58:33]} Qd7 {[%clk 0:39:38]} 13. Qa5
{[%clk 0:48:23]} h6 {[%clk 0:27:38]} 14. dxe6 {[%clk 0:47:22]} fxe6 {[%clk
0:28:07]} 15. Nf3 {[%clk 0:46:35]} Bd6 {[%clk 0:23:04]} 16. Be3 {[%clk
0:43:00]} Qc6 {[%clk 0:21:26]} 17. Bd1 {[%clk 0:33:06]} Bd3 {[%clk 0:20:10]}
18. Ba4 {[%clk 0:30:58]} b6 {[%clk 0:20:01]} 19. Qxb4 {[%clk 0:22:07]} cxb4
{[%clk 0:13:59]} 20. Bxc6 {[%clk 0:22:35]} bxa3 {[%clk 0:13:04]} 21. Bxb6
{[%clk 0:19:59]} axb2 {[%clk 0:13:11]} 22. Rab1 {[%clk 0:20:19]} Bxb1 {[%clk
0:12:54]} 23. Rxb1 {[%clk 0:20:45]} Bc7 {[%clk 0:12:47]} 24. Bd4 {[%clk
0:16:05]} Bd6 {[%clk 0:05:08]} 25. Bb6 {[%clk 0:11:49]} Ba3 {[%clk 0:03:54]}
26. Bxd8 {[%clk 0:12:17]} Rxd8 {[%clk 0:04:23]} 27. Kf1 {[%clk 0:11:33]} Kc7
{[%clk 0:04:48]} 28. Ba4 {[%clk 0:10:13]} Ne4 {[%clk 0:04:54]} 29. Bc2 {[%clk
0:10:15]} Nd2+ {[%clk 0:01:33]} 30. Nxd2 Rxd2 31. Bg6 {[%clk 0:08:52]} Bc5
{[%clk 0:02:29]} 32. Be4 {[%clk 0:06:48]} Rxf2+ {[%clk 0:02:26]} 33. Ke1 {[%clk
0:07:17]} Bd4 {[%clk 0:01:54]} 34. h3 {[%clk 0:07:15]} Kd6 {[%clk 0:02:05]} 35.
Rd1 {[%clk 0:07:11]} Ke5 {[%clk 0:02:07]} 36. Bf3 {[%clk 0:05:03]} Rc2 {[%clk
0:02:06]} 37. Be2 {[%clk 0:05:10]} Bc3+ {[%clk 0:02:08]} 38. Kf1 {[%clk
0:05:31]} Rc1 {[%clk 0:02:37]} 0-1

[Event "DVM U20 2016"]
[Site "Borken-Gemen GER"]
[Date "2016.12.30"]
[Round "7"]
[White "Tiedemann, Fin Niklas"]
[Black "Wiewesiek, Timo"]
[Result "0-1"]
[Termination "normal"]
[Board "2.4"]
[WhiteElo "1911"]
[BlackElo "1903"]
[WhiteClock "00:01:36"]
[BlackClock "00:02:33"]
[WhiteTeam "Lübecker SV"]
[BlackTeam "SF Darmstadt"]
[PlyCount "80"]
[WhiteFideId "12936936"]
[BlackFideId "12920193"]
[EventCountry "GER"]
[EventRounds "7"]
[EventType "team-swiss"]
[EventDate "2016.12.26"]

1. e4 {[%clk 1:30:56]} c6 {[%clk 1:30:57]} 2. d4 {[%clk 1:31:03]} d5 {[%clk
1:31:23]} 3. f3 {[%clk 1:31:19]} e6 {[%clk 1:29:42]} 4. Nc3 {[%clk 1:31:26]}
Nf6 {[%clk 1:29:08]} 5. e5 {[%clk 1:29:32]} Nfd7 {[%clk 1:29:31]} 6. f4 {[%clk
1:29:55]} c5 {[%clk 1:29:40]} 7. Nf3 {[%clk 1:30:15]} Nc6 {[%clk 1:29:17]} 8.
Ne2 {[%clk 1:14:48]} b5 {[%clk 1:24:15]} 9. c3 {[%clk 1:11:38]} Qb6 {[%clk
1:08:57]} 10. g3 {[%clk 1:04:15]} Ba6 {[%clk 0:57:56]} 11. Kf2 {[%clk 0:58:47]}
Rb8 {[%clk 0:47:27]} 12. Kg2 {[%clk 0:56:00]} b4 {[%clk 0:40:55]} 13. g4 {[%clk
0:43:02]} bxc3 {[%clk 0:35:36]} 14. bxc3 {[%clk 0:43:00]} Qa5 {[%clk 0:35:28]}
15. dxc5 {[%clk 0:25:05]} Nxc5 {[%clk 0:22:02]} 16. Ned4 {[%clk 0:23:52]} Nxd4
{[%clk 0:21:34]} 17. cxd4 {[%clk 0:22:49]} Nb3 {[%clk 0:12:46]} 18. Bd2 {[%clk
0:15:54]} Nxd2 {[%clk 0:12:08]} 19. Qxd2 {[%clk 0:15:23]} Bb4 {[%clk 0:09:52]}
20. Qb2 {[%clk 0:09:01]} O-O {[%clk 0:08:45]} 21. Rb1 {[%clk 0:07:50]} h6
{[%clk 0:08:13]} 22. Bxa6 {[%clk 0:07:26]} Qxa6 {[%clk 0:08:10]} 23. Rhc1
{[%clk 0:07:03]} Ba3 {[%clk 0:06:18]} 24. Qxb8 {[%clk 0:07:28]} Bxc1 {[%clk
0:06:32]} 25. Qb3 {[%clk 0:06:24]} Bxf4 {[%clk 0:05:41]} 26. Rb2 {[%clk
0:06:02]} Rc8 {[%clk 0:04:08]} 27. Rc2 {[%clk 0:03:52]} Rxc2+ {[%clk 0:03:01]}
28. Qxc2 {[%clk 0:04:16]} Qc4 {[%clk 0:02:28]} 29. Qxc4 {[%clk 0:00:53]} dxc4
{[%clk 0:02:57]} 30. Ne1 {[%clk 0:01:15]} Kf8 {[%clk 0:02:52]} 31. h3 {[%clk
0:01:34]} Ke7 {[%clk 0:03:06]} 32. Kf3 {[%clk 0:02:00]} Bd2 {[%clk 0:02:08]}
33. Ke2 {[%clk 0:01:17]} Bxe1 {[%clk 0:01:28]} 34. Kxe1 {[%clk 0:01:40]} Kd7
{[%clk 0:01:55]} 35. Kd2 {[%clk 0:02:04]} Kc6 {[%clk 0:02:20]} 36. Kc3 {[%clk
0:02:30]} Kd5 {[%clk 0:02:41]} 37. h4 {[%clk 0:02:43]} g6 {[%clk 0:01:54]} 38.
a3 {[%clk 0:02:46]} a6 {[%clk 0:02:13]} 39. g5 {[%clk 0:02:43]} h5 {[%clk
0:02:33]} 40. Kb4 {[%clk 0:01:36]} Kxe5 0-1

[Event "DVM U20 2016"]
[Site "Borken-Gemen GER"]
[Date "2016.12.30"]
[Round "7"]
[White "Dittmar, Lars"]
[Black "Bosselmann, Tom Linus"]
[Result "1-0"]
[Termination "normal"]
[Board "2.5"]
[WhiteElo "1826"]
[BlackElo "1919"]
[WhiteClock "00:16:22"]
[BlackClock "00:05:38"]
[WhiteTeam "SF Darmstadt"]
[BlackTeam "Lübecker SV"]
[PlyCount "123"]
[WhiteFideId "12921505"]
[BlackFideId "12983845"]
[EventCountry "GER"]
[EventRounds "7"]
[EventType "team-swiss"]
[EventDate "2016.12.26"]

1. e4 {[%clk 1:30:58]} e5 {[%clk 1:30:54]} 2. Nf3 {[%clk 1:31:25]} Nc6 {[%clk
1:31:16]} 3. Bb5 {[%clk 1:31:53]} Nd4 {[%clk 1:31:23]} 4. Nxd4 {[%clk 1:31:03]}
exd4 {[%clk 1:31:47]} 5. d3 {[%clk 1:31:07]} Bc5 {[%clk 1:29:50]} 6. c3 {[%clk
1:29:14]} c6 {[%clk 1:29:15]} 7. Ba4 {[%clk 1:29:34]} b5 {[%clk 1:28:57]} 8.
Bc2 {[%clk 1:27:28]} d5 {[%clk 1:27:48]} 9. O-O {[%clk 1:24:49]} Ne7 {[%clk
1:27:15]} 10. Nd2 {[%clk 1:17:19]} dxc3 {[%clk 1:11:19]} 11. bxc3 {[%clk
1:17:18]} Bb6 {[%clk 1:09:42]} 12. d4 {[%clk 1:15:52]} O-O {[%clk 1:01:36]} 13.
e5 {[%clk 1:10:42]} Bf5 {[%clk 0:55:12]} 14. f4 {[%clk 1:07:31]} b4 {[%clk
0:48:34]} 15. Bb2 {[%clk 1:04:54]} c5 {[%clk 0:46:57]} 16. Nf3 {[%clk 1:03:43]}
cxd4 {[%clk 0:44:52]} 17. cxd4 {[%clk 1:03:20]} Rc8 {[%clk 0:43:04]} 18. Bxf5
{[%clk 1:01:25]} Nxf5 {[%clk 0:43:26]} 19. Qd2 {[%clk 1:00:57]} Rc4 {[%clk
0:42:41]} 20. Rac1 {[%clk 1:00:23]} Qe7 {[%clk 0:38:33]} 21. Qd3 {[%clk
0:58:49]} Qd7 {[%clk 0:30:06]} 22. Rfe1 {[%clk 0:44:47]} Rxc1 {[%clk 0:29:16]}
23. Rxc1 {[%clk 0:43:35]} Rc8 {[%clk 0:26:22]} 24. Rc2 {[%clk 0:40:12]} Rxc2
{[%clk 0:20:34]} 25. Qxc2 {[%clk 0:40:41]} Ne7 {[%clk 0:18:55]} 26. Qd3 {[%clk
0:32:17]} Qf5 {[%clk 0:10:54]} 27. Qxf5 {[%clk 0:30:46]} Nxf5 {[%clk 0:11:23]}
28. Kf2 {[%clk 0:31:08]} Kf8 {[%clk 0:11:09]} 29. g4 {[%clk 0:30:58]} Ne7
{[%clk 0:11:23]} 30. Ke3 {[%clk 0:30:57]} Nc6 {[%clk 0:10:26]} 31. Kd3 {[%clk
0:30:08]} Ke7 {[%clk 0:10:24]} 32. h4 {[%clk 0:29:02]} a5 {[%clk 0:09:54]} 33.
f5 {[%clk 0:28:01]} a4 {[%clk 0:07:48]} 34. Bc1 {[%clk 0:21:05]} Ke8 {[%clk
0:04:00]} 35. h5 {[%clk 0:14:33]} g6 {[%clk 0:02:08]} 36. Be3 {[%clk 0:10:16]}
Ke7 {[%clk 0:01:08]} 37. Ng5 {[%clk 0:09:21]} h6 {[%clk 0:01:15]} 38. hxg6
{[%clk 0:08:03]} fxg6 {[%clk 0:01:11]} 39. f6+ {[%clk 0:07:18]} Ke8 {[%clk
0:00:47]} 40. Ne6 {[%clk 0:07:22]} g5 {[%clk 0:01:00]} 41. Ng7+ {[%clk
0:06:28]} Kf7 {[%clk 0:00:32]} 42. Nf5 {[%clk 0:06:50]} Kg6 {[%clk 0:00:34]}
43. Bf2 {[%clk 0:29:29]} Bc7 {[%clk 0:28:37]} 44. Bg3 {[%clk 0:26:14]} Bb6
{[%clk 0:26:49]} 45. Be1 {[%clk 0:26:15]} Ba5 {[%clk 0:24:21]} 46. Bd2 {[%clk
0:23:22]} Bd8 {[%clk 0:24:20]} 47. Ne3 {[%clk 0:22:48]} b3 {[%clk 0:19:37]} 48.
axb3 {[%clk 0:23:00]} axb3 {[%clk 0:20:00]} 49. Bc3 {[%clk 0:22:03]} b2 {[%clk
0:12:58]} 50. Bxb2 {[%clk 0:21:17]} Nb4+ {[%clk 0:12:54]} 51. Ke2 {[%clk
0:19:07]} Kf7 {[%clk 0:12:48]} 52. Bc3 {[%clk 0:19:10]} Na2 {[%clk 0:10:39]}
53. Bd2 {[%clk 0:18:52]} Ke6 {[%clk 0:09:53]} 54. Nf5 {[%clk 0:18:45]} Bb6
{[%clk 0:07:38]} 55. Kd3 {[%clk 0:18:56]} Kf7 {[%clk 0:06:06]} 56. Nxh6+ {[%clk
0:18:08]} Ke6 {[%clk 0:05:08]} 57. f7 {[%clk 0:16:10]} Ke7 {[%clk 0:05:09]} 58.
Bxg5+ {[%clk 0:16:34]} Kf8 {[%clk 0:05:23]} 59. e6 {[%clk 0:15:56]} Nb4+ {[%clk
0:05:46]} 60. Kd2 {[%clk 0:15:51]} Nc6 {[%clk 0:06:11]} 61. Nf5 {[%clk
0:15:58]} Bc7 {[%clk 0:05:38]} 62. Bh6# {[%clk 0:16:22]} 1-0

[Event "DVM U20 2016"]
[Site "Borken-Gemen GER"]
[Date "2016.12.30"]
[Round "7"]
[White "Rietschel, Tilo"]
[Black "Tampe, Alexander"]
[Result "1-0"]
[Termination "normal"]
[Board "2.6"]
[WhiteElo "1856"]
[BlackElo "1681"]
[WhiteClock "00:02:34"]
[BlackClock "00:03:25"]
[WhiteTeam "Lübecker SV"]
[BlackTeam "SF Darmstadt"]
[PlyCount "61"]
[WhiteFideId "16208390"]
[BlackFideId "12921572"]
[EventCountry "GER"]
[EventRounds "7"]
[EventType "team-swiss"]
[EventDate "2016.12.26"]

1. e4 {[%clk 1:30:58]} e5 {[%clk 1:30:57]} 2. Nf3 {[%clk 1:31:27]} Nc6 {[%clk
1:31:20]} 3. Bb5 {[%clk 1:31:52]} a6 {[%clk 1:31:47]} 4. Ba4 {[%clk 1:32:18]}
b5 {[%clk 1:31:37]} 5. Bb3 {[%clk 1:32:43]} Nf6 {[%clk 1:32:02]} 6. O-O {[%clk
1:32:09]} Bc5 {[%clk 1:31:15]} 7. c3 {[%clk 1:18:25]} d6 {[%clk 1:30:47]} 8.
Re1 {[%clk 1:15:53]} Bg4 {[%clk 1:26:24]} 9. d3 {[%clk 1:10:40]} O-O {[%clk
1:21:07]} 10. Nbd2 {[%clk 1:06:02]} Ne7 {[%clk 1:20:06]} 11. Nf1 {[%clk
1:05:05]} Ng6 {[%clk 1:18:07]} 12. h3 {[%clk 1:03:48]} Be6 {[%clk 1:17:59]} 13.
Bc2 {[%clk 1:03:17]} Bb6 {[%clk 1:14:50]} 14. Be3 {[%clk 1:01:13]} c6 {[%clk
1:08:03]} 15. Ng3 {[%clk 0:52:31]} Re8 {[%clk 1:05:05]} 16. d4 {[%clk 0:49:54]}
exd4 {[%clk 1:01:59]} 17. cxd4 {[%clk 0:41:16]} Qc7 {[%clk 0:58:19]} 18. Rc1
{[%clk 0:39:25]} Rad8 {[%clk 0:55:38]} 19. a3 {[%clk 0:36:47]} Qb7 {[%clk
0:54:20]} 20. Qd2 {[%clk 0:22:43]} a5 {[%clk 0:47:02]} 21. Bg5 {[%clk 0:19:50]}
Kh8 22. Bxf6 {[%clk 0:15:26]} gxf6 {[%clk 0:30:15]} 23. Nh5 {[%clk 0:14:01]}
Qe7 {[%clk 0:25:21]} 24. Qh6 {[%clk 0:13:49]} Rg8 {[%clk 0:25:25]} 25. e5
{[%clk 0:12:52]} dxe5 26. dxe5 {[%clk 0:11:48]} Qc5 {[%clk 0:23:54]} 27. Re2
{[%clk 0:10:02]} Bc4 {[%clk 0:22:14]} 28. exf6 {[%clk 0:07:49]} Nf8 {[%clk
0:14:10]} 29. b4 {[%clk 0:03:27]} axb4 {[%clk 0:06:46]} 30. axb4 {[%clk
0:03:51]} Qd5 {[%clk 0:03:25]} 31. Re5 {[%clk 0:02:34]} 1-0